La Música a Catalunya : festivals, concerts, cursos, colònies : estiu-tardor 1983 festivals, concerts, cursos, colònies :
Publicado:
Barcelona :
Departament de Cultura de la Generalitat de Catalunya, Servei de Música ,
1983
Descripción Física:
[109] p. : il., 1 map. pleg. , 23 cm
Materias:
Música -- Catalunya -- Guies
MARC
| LEADER | 00000nam a2200000Ia 4500 | ||
|---|---|---|---|
| 001 | 1522 | ||
| 008 | 160829s1983 xx 000 0 cat d | ||
| 080 | |a B-1-124 | ||
| 245 | |a La Música a Catalunya : |b festivals, concerts, cursos, colònies : |b estiu-tardor 1983 | ||
| 260 | |a Barcelona : |b Departament de Cultura de la Generalitat de Catalunya, Servei de Música, |c 1983 | ||
| 300 | |a [109] p. : |b il., 1 map. pleg. , 23 cm | ||
| 650 | |a Música |x Catalunya |x Guies |9 20091 | ||
| 710 | |a Catalunya. |b Servei de Música |9 53856 | ||
| 901 | |a Arxiu | ||
| 942 | |n 1 | ||
| 952 | |0 0 |1 0 |4 0 |6 B1124 |7 1 |9 41435 |a Arxiu |b Arxiu |d 2016-12-01 |l 0 |o B-1-124 |p 1522 |r 2016-12-01 00:00:00 |w 2016-12-01 |y ARXIU | ||
| 999 | |c 43242 |d 43242 | ||